Catalog

Record Details

Catalog Search



Albert Einstein : the miracle mind  Cover Image Book Book

Albert Einstein : the miracle mind / Tabatha Yeatts.

Yeatts, Tabatha. (Author).

Summary:

A biography of Albert Einstein, discussing his birth and early years in Ulm and Munich, his school days and higher education, his job in a patent office, his marriage to Mileva, his accomplishments in the field of physics, and other aspects of his life. Includes photographs and fact boxes.

Record details

  • ISBN: 9781402749506
  • Physical Description: 124 pages : illustrations ; 20 cm.
  • Publisher: New York : Sterling, c2007.

Content descriptions

Bibliography, etc. Note:
Includes bibliographical references (p. 121-122) and index.
Formatted Contents Note:
A legendary physicist -- Beginnings -- School days -- The path to higher education -- Life at the Polytechnic -- Trying to build a future -- A miracle year -- From place to place -- Gaining notoriety -- Life with Einstein -- World citizen -- Before and after World War II -- The final years.
Subject: Einstein, Albert, 1879-1955 > Juvenile literature.
Einstein, Albert, 1879-1955.
Physicists > Biography > Juvenile literature.
Physicists.

Available copies

  • 1 of 1 copy available at scottsboropl.

Holds

  • 0 current holds with 1 total copy.
Show Only Available Copies
Location Call Number / Copy Notes Barcode Shelving Location Status Due Date
scottsboropl J 530.092 Yea 32269000891591 Juvenile - NonFiction Available -

LDR 01669cam a2200313 a 4500
001134080
003CONS
00520140703073308.0
008070129s2007 nyua j b 001 0beng
010 . ‡a 2007003517
020 . ‡a9781402749506
035 . ‡a(CPomAG)LMN506406
05000. ‡aQC16.E5 ‡bY43 2007
08204. ‡a530.092 ‡aB ‡222
1001 . ‡aYeatts, Tabatha.
24510. ‡aAlbert Einstein : ‡bthe miracle mind / ‡cTabatha Yeatts.
260 . ‡aNew York : ‡bSterling, ‡cc2007.
300 . ‡a124 pages : ‡billustrations ; ‡c20 cm.
4901 . ‡aSterling biographies
504 . ‡aIncludes bibliographical references (p. 121-122) and index.
5050 . ‡aA legendary physicist -- Beginnings -- School days -- The path to higher education -- Life at the Polytechnic -- Trying to build a future -- A miracle year -- From place to place -- Gaining notoriety -- Life with Einstein -- World citizen -- Before and after World War II -- The final years.
5200 . ‡aA biography of Albert Einstein, discussing his birth and early years in Ulm and Munich, his school days and higher education, his job in a patent office, his marriage to Mileva, his accomplishments in the field of physics, and other aspects of his life. Includes photographs and fact boxes.
60010. ‡aEinstein, Albert, ‡d1879-1955 ‡vJuvenile literature.
60011. ‡aEinstein, Albert, ‡d1879-1955.
650 0. ‡aPhysicists ‡vBiography ‡vJuvenile literature.
650 1. ‡aPhysicists.
830 0. ‡aSterling biographies.
959 . ‡i32269000891591 ‡lJ 530.092 Yea ‡aJuvenile - NonFiction ‡tJuv Nonfiction ‡g15.00
852 . ‡p32269000891591 ‡jJ 530.092 Yea ‡gJuvenile - NonFiction ‡cJuv Nonfiction ‡y15.00 ‡bSBPL
901 . ‡a134080 ‡bUnknown ‡c134080 ‡tbiblio

Additional Resources